000 00565nam a2200229Ia 4500
003 OSt
005 20220924142954.0
006 a|||||r|||| 00| 0
007 ta
008 220923b |||||||| |||| 00| 0 ori d
024 _a304190
037 _cTextual
040 _aARTS
_cARTS
_bORI
041 _2ORI
_aORI
082 _aO1591,2NMI,HE, L7
100 _aMishra
245 0 _aHe nisad nibruta hua
260 _c1977
650 _aORIYA LITERATURE
_927692
942 _hO1591,2NMI,HE, L7
_cTEXL
_2CC
999 _c452712
_d452712